000 00425nam a22001577a 4500
003 OSt
005 20240410104619.0
008 221104b xxu||||| |||| 00| 0 eng d
020 _a935273050X
040 _cIIMT UNIVERSITY
100 _aJAIN, KHUSHPAT S
245 _aFOREIGN TRADE - THEORY, PROCEDURES, PRACTICES AND DOCUMENTATION
260 _aMUMBAI
_bHIMALAYA PUBLISHING HOUSE
_c2021
300 _a545
942 _2ddc
_c01
999 _c55948
_d55948